Responses for show #8042 - Tuesday, July 23, 2019

Jason Zuffranieri game 3.

Contestants

[<< previous game]

John Myers, a financial trader from Chicago, Illinois

Peggy Robin, a publisher and chief moderator from Washington, D.C.

Jason Zuffranieri, a math teacher from Albuquerque, New Mexico (whose 2-day cash winnings total $45,200)

[next game >>]

Jeopardy! Round responses

BRITISH LITERATURE
STARTS WITH A SILENT "K"
COMPANY ADS & SLOGANS
LIFE IN ANCIENT TIMES
AMETHYST
THE POWERS THAT BE
    $200 5
[Applause for Jason running the category.]

Chaucer

Jason
    $200 11
knapsack

Jason
    $200 17
Capital One

Jason
    $200 10
dam

Jason
    $200 26
bishop

Jason
    $200 16
Austin Powers

John
    $400 1
Peter Rabbit

Jason
    $400 6
knuckleball

Jason
    $400 18
Chevrolet

Peggy
    $400 12
harvest

Jason
    $400 27
Elizabeth Taylor

Peggy
    $400 22
Bridge of Spies

Triple Stumper
    $600 2
Johnson/Jonson

Jason
    $600 7
a knife

Triple Stumper
    $600 19
Burger King

Jason
    $600 13
underwear

Triple Stumper
    $600 28
orange (or orange-yellow)

Jason
    $600 23
Robert Wagner

Peggy
    $800 3
(William Makepeace) Thackeray

Jason
    $800 8
Knoxville

Jason
    $800 20
Timex

Peggy
    $800 14
rhetoric

Jason
    $800 30
gamma rays

John
    $800 24
(Jim) Jones

Jason
    $1000 4
Disraeli

Jason
    $1000 9
(John: What is a knoll?)

knell

PeggyJohn
    $2,000 21
Wells Fargo

Peggy
    $1000 15
exile (or banishment)

Peggy
    $1000 29
Dionysus

John
    $1000 25
Double Indemnity

Peggy

Scores at the first commercial break (after clue 15):

Jason Peggy John
$5,800 $2,000 -$1,000

Scores at the end of the Jeopardy! Round:

Jason Peggy John
$8,200 $7,200 $1,000

Double Jeopardy! Round responses

THE 40-YEAR-OLD GERMAN
GRAMMY FOR SONG OF THE YEAR
THAT PLACE SOUNDS LEGENDARY
SPURN NOTICE
STATE OF THE ART
(Alex: Name the state where the artwork can be found.)
THE "B" THAT POWERS
    $400 30
Einstein

Peggy
    $400 10
"Michelle"

Jason
    $400 12
(Jason: What is Atlantis?)
(Peggy: What is Shangri-La?)

El Dorado

JasonPeggy
Triple Stumper
    $400 17
turn down

John
    $400 2
New Jersey

Jason
    $400 23
biofuel

Jason
    $4,000 27
(Angela) Merkel

John
    $800 6
"Streets Of Philadelphia"

Jason
    $800 13
Valhalla

John
    $800 21
snub

Triple Stumper
    $800 1
Illinois

John
    $800 11
boosters

Peggy
    $1200 26
the Mavericks

John
    $1200 7
"Stay With Me"

John
    $1200 14
Atlantis

Peggy
    $1200 18
being declined

Triple Stumper
    $1200 3
Washington

Jason
    $1200 22
(Jason: What is Bessemer?)

blast furnace

JasonPeggy
    $1600 28
(Johann Sebastian) Bach

Jason
    $1600 8
"Killing Me Softly"

Jason
    $1600 15
Shangri-La

Jason
    $1600 19
to slight

Triple Stumper
    $1600 4
Nevada

Triple Stumper
    $1600 24
butane

John
    $2000 29
Rudolf Diesel

Triple Stumper
    $2000 9
(Jason: Who is [*], "Moon River"?)

(Henry) Mancini

Jason
    $2000 16
Watership Down

Peggy
    $2000 20
rebuff

John
    $2,000 5
South Dakota

Jason
    $2000 25
bituminous

John

Scores at the end of the Double Jeopardy! Round:

Jason Peggy John
$18,600 $12,400 $15,000

[wagering suggestions for these scores]

Final Jeopardy! Round responses

TOYS & GAMES
(Alex: [To John] "Hi Nolan." A relative? Your son?)
(John: My son.)
PeggyWhat is Scrabble?
$0
JohnWhat is Scrabble? Hi Nolan!
$14,998
JasonWhat is Scrabble?
$11,500
Scrabble

Final scores:

Jason Peggy John
$30,100 $12,400 $29,998
3-day champion: $75,300 3rd place: $1,000 2nd place: $2,000

Game dynamics:

Coryat scores:

Jason Peggy John
$18,600 $11,400 $11,800
26 R
(including 1 DD),
2 W
13 R
(including 1 DD),
1 W
12 R
(including 1 DD),
1 W

Combined Coryat: $41,800

The J! Archive is created by fans, for fans. The Jeopardy! game show and all elements thereof, including but not limited to copyright and trademark thereto, are the property of Jeopardy Productions, Inc. and are protected under law. This website is not affiliated with, sponsored by, or operated by Jeopardy Productions, Inc. Join the discussion at JBoard.tv.